Statistics for Movie Characters Quiz #1

Click here to take the quiz!

General Stats

  • This quiz has been taken 190,408 times
    (163,282 since last reset)
  • The average score is 12 of 24

Answer Stats

CharacterMovie% Correct
Capt. Jack SparrowPirates of the Caribbean
94%
GollumThe Lord of the Rings
91%
Cruella de Vil101 Dalmatians
85%
Marty McFlyBack to the Future
84%
Lieutenant DanForrest Gump
77%
Freddy KruegerA Nightmare on Elm Street
75%
James T. KirkStar Trek
66%
MorpheusThe Matrix
66%
Apollo CreedRocky
64%
Ron BurgundyAnchorman
60%
Ellen RipleyAlien
50%
Tyler DurdenFight Club
49%
Patrick BatemanAmerican Psycho
41%
Nurse RatchedOne Flew Over the Cuckoo's Nest
40%
Elwood BluesThe Blues Brothers
37%
Keyser SözeThe Usual Suspects
36%
Jake SullyAvatar
29%
Elizabeth BennettPride & Prejudice
26%
Sherman KlumpThe Nutty Professor
26%
George BaileyIt's a Wonderful Life
25%
Blanche DuBoisA Streetcar Named Desire
22%
Dirk DigglerBoogie Nights
22%
Dr. King SchultzDjango Unchained
20%
Johnny UtahPoint Break
17%

Score Distribution

Percentile by Number Answered

Percent of People with Each Score

Your Score History

You have not taken this quiz since the last reset